<?xml version="1.0" encoding="UTF-8"?>
<record
    xmlns:xsi="http://www.w3.org/2001/XMLSchema-instance"
    xsi:schemaLocation="http://www.loc.gov/MARC21/slim http://www.loc.gov/standards/marcxml/schema/MARC21slim.xsd"
    xmlns="http://www.loc.gov/MARC21/slim">

  <leader>01383nam a22002777a 4500</leader>
  <controlfield tag="001">1919</controlfield>
  <controlfield tag="003">FISKH</controlfield>
  <controlfield tag="005">20231018123011.0</controlfield>
  <controlfield tag="008">231010b        cb ||||| |||| 00| 0 khr d</controlfield>
  <datafield tag="020" ind1=" " ind2=" ">
    <subfield code="a">9789995053994</subfield>
  </datafield>
  <datafield tag="040" ind1=" " ind2=" ">
    <subfield code="a">FISKH </subfield>
    <subfield code="b">eng</subfield>
    <subfield code="c">FISKH </subfield>
    <subfield code="d">FISKH </subfield>
  </datafield>
  <datafield tag="082" ind1=" " ind2=" ">
    <subfield code="a">636.4</subfield>
  </datafield>
  <datafield tag="100" ind1=" " ind2=" ">
    <subfield code="a">Kunthy, Mot </subfield>
    <subfield code="d">1981-</subfield>
  </datafield>
  <datafield tag="245" ind1=" " ind2=" ">
    <subfield code="a">&#x1780;&#x17BC;&#x1793;&#x1787;&#x17D2;&#x179A;&#x17BC;&#x1780;&#x1785;&#x1784;&#x17CB;&#x17A0;&#x17BE;&#x179A; / </subfield>
    <subfield code="c">&#x17A2;&#x17D2;&#x1793;&#x1780;&#x1793;&#x17B7;&#x1796;&#x1793;&#x17D2;&#x1792; :  &#x179B;&#x17C4;&#x1780;&#x179F;&#x17D2;&#x179A;&#x17B8; &#x1798;&#x17BB;&#x178F; &#x1782;&#x1793;&#x17D2;&#x1792;&#x17B8; ; &#x179C;&#x17B7;&#x1785;&#x17B7;&#x178F;&#x17D2;&#x179A;&#x1780;&#x179A; : &#x179B;&#x17C4;&#x1780; &#x1799;&#x17BD;&#x1798; &#x1780;&#x17BB;&#x179F;&#x179B; </subfield>
  </datafield>
  <datafield tag="260" ind1=" " ind2=" ">
    <subfield code="a">Phnom Penh : </subfield>
    <subfield code="b">Room to read, </subfield>
    <subfield code="c">2011. </subfield>
  </datafield>
  <datafield tag="300" ind1=" " ind2=" ">
    <subfield code="a">10 pages : </subfield>
    <subfield code="b">color illustrations ; </subfield>
    <subfield code="c">26 cm </subfield>
  </datafield>
  <datafield tag="505" ind1=" " ind2=" ">
    <subfield code="a">I
</subfield>
  </datafield>
  <datafield tag="520" ind1=" " ind2=" ">
    <subfield code="a">&#x1780;&#x17BC;&#x1793;&#x1787;&#x17D2;&#x179A;&#x17BC;&#x1780;&#x1783;&#x17BE;&#x1789;&#x1798;&#x17C1;&#x17A2;&#x17C6;&#x1794;&#x17C5;&#x1780;&#x17C6;&#x1796;&#x17BB;&#x1784;&#x17A0;&#x17BE;&#x179A;&#x179B;&#x17C1;&#x1784;&#x1799;&#x17C9;&#x17B6;&#x1784;&#x179F;&#x1794;&#x17D2;&#x1794;&#x17B6;&#x1799;&#x17D4; &#x179C;&#x17B6;&#x1780;&#x17CF;&#x1785;&#x1784;&#x17CB;&#x17A0;&#x17BE;&#x179A;&#x178A;&#x17BC;&#x1785;&#x1798;&#x17C1;&#x17A2;&#x17C6;&#x1794;&#x17C5;&#x178A;&#x17C2;&#x179A;&#x17D4; &#x1798;&#x17C1;&#x17A2;&#x17C6;&#x1794;&#x17C5;&#x1794;&#x17B6;&#x1793;&#x1794;&#x17D2;&#x179A;&#x17B6;&#x1794;&#x17CB;&#x1780;&#x17BC;&#x1793;&#x1787;&#x17D2;&#x179A;&#x17BC;&#x1780;&#x17B3;&#x17D2;&#x1799;&#x179A;&#x17C0;&#x1793;&#x17A0;&#x17BE;&#x179A;&#x17D4; </subfield>
  </datafield>
  <datafield tag="520" ind1=" " ind2=" ">
    <subfield code="a">The piglets saw the butterflies flying and playing happily. It also wants to fly like a butterfly. The butterfly told the piglet to learn to fly.</subfield>
  </datafield>
  <datafield tag="521" ind1="8" ind2=" ">
    <subfield code="a">450
</subfield>
    <subfield code="b">Lexile estimate
</subfield>
  </datafield>
  <datafield tag="521" ind1="8" ind2=" ">
    <subfield code="a">I
</subfield>
    <subfield code="b">Raz-Plus
</subfield>
  </datafield>
  <datafield tag="650" ind1=" " ind2=" ">
    <subfield code="a">&#x1780;&#x17BC;&#x1793;&#x1787;&#x17D2;&#x179A;&#x17BC;&#x1780;&#x200B;</subfield>
    <subfield code="v">&#x17A0;&#x17C4;&#x17C7; </subfield>
    <subfield code="x">&#x1798;&#x17C1;&#x17A2;&#x17C6;&#x1794;&#x17C5; </subfield>
  </datafield>
  <datafield tag="650" ind1=" " ind2=" ">
    <subfield code="a">Piggy </subfield>
    <subfield code="v">Fly </subfield>
    <subfield code="x">Butterfly </subfield>
  </datafield>
  <datafield tag="700" ind1=" " ind2=" ">
    <subfield code="a">Kosal, Youm </subfield>
    <subfield code="d">1982-</subfield>
    <subfield code="e">illustrator </subfield>
  </datafield>
  <datafield tag="942" ind1=" " ind2=" ">
    <subfield code="2">ddc</subfield>
    <subfield code="c">KHB</subfield>
    <subfield code="n">0</subfield>
  </datafield>
  <datafield tag="999" ind1=" " ind2=" ">
    <subfield code="c">1919</subfield>
    <subfield code="d">1919</subfield>
  </datafield>
  <datafield tag="952" ind1=" " ind2=" ">
    <subfield code="0">0</subfield>
    <subfield code="1">0</subfield>
    <subfield code="2">ddc</subfield>
    <subfield code="4">0</subfield>
    <subfield code="7">0</subfield>
    <subfield code="8">KH</subfield>
    <subfield code="a">001</subfield>
    <subfield code="b">001</subfield>
    <subfield code="c">TK Blue</subfield>
    <subfield code="d">2023-10-10</subfield>
    <subfield code="l">0</subfield>
    <subfield code="o">KUN 636.4</subfield>
    <subfield code="p">2023-0714</subfield>
    <subfield code="r">2023-10-10 14:12:45</subfield>
    <subfield code="t">1</subfield>
    <subfield code="w">2023-10-10</subfield>
    <subfield code="y">KHB</subfield>
  </datafield>
  <datafield tag="952" ind1=" " ind2=" ">
    <subfield code="0">0</subfield>
    <subfield code="1">0</subfield>
    <subfield code="2">ddc</subfield>
    <subfield code="4">0</subfield>
    <subfield code="7">0</subfield>
    <subfield code="8">KH</subfield>
    <subfield code="a">001</subfield>
    <subfield code="b">001</subfield>
    <subfield code="c">TK Blue</subfield>
    <subfield code="d">2023-10-10</subfield>
    <subfield code="l">0</subfield>
    <subfield code="o">KUN 636.4</subfield>
    <subfield code="p">FISTKKB083</subfield>
    <subfield code="r">2023-10-18 12:29:39</subfield>
    <subfield code="t">2</subfield>
    <subfield code="w">2023-10-10</subfield>
    <subfield code="y">KHB</subfield>
  </datafield>
  <datafield tag="952" ind1=" " ind2=" ">
    <subfield code="0">0</subfield>
    <subfield code="1">0</subfield>
    <subfield code="2">ddc</subfield>
    <subfield code="4">0</subfield>
    <subfield code="7">0</subfield>
    <subfield code="8">KH</subfield>
    <subfield code="a">001</subfield>
    <subfield code="b">001</subfield>
    <subfield code="c">TK Blue</subfield>
    <subfield code="d">2025-04-22</subfield>
    <subfield code="l">0</subfield>
    <subfield code="o">KUN 636.4 PZ7</subfield>
    <subfield code="p">FISTKKA100</subfield>
    <subfield code="r">2025-04-22 10:00:54</subfield>
    <subfield code="t">3</subfield>
    <subfield code="w">2025-04-22</subfield>
    <subfield code="y">KHB</subfield>
  </datafield>
  <datafield tag="952" ind1=" " ind2=" ">
    <subfield code="0">0</subfield>
    <subfield code="1">0</subfield>
    <subfield code="2">ddc</subfield>
    <subfield code="4">0</subfield>
    <subfield code="7">0</subfield>
    <subfield code="8">KH</subfield>
    <subfield code="a">001</subfield>
    <subfield code="b">001</subfield>
    <subfield code="c">TK Blue</subfield>
    <subfield code="d">2025-04-22</subfield>
    <subfield code="l">0</subfield>
    <subfield code="o">KUN 636.4 PZ7</subfield>
    <subfield code="p">FISTKKB081</subfield>
    <subfield code="r">2025-04-22 10:01:12</subfield>
    <subfield code="t">4</subfield>
    <subfield code="w">2025-04-22</subfield>
    <subfield code="y">KHB</subfield>
  </datafield>
  <datafield tag="952" ind1=" " ind2=" ">
    <subfield code="0">0</subfield>
    <subfield code="1">0</subfield>
    <subfield code="2">ddc</subfield>
    <subfield code="4">0</subfield>
    <subfield code="7">0</subfield>
    <subfield code="8">KH</subfield>
    <subfield code="a">001</subfield>
    <subfield code="b">001</subfield>
    <subfield code="c">TK Blue</subfield>
    <subfield code="d">2025-04-22</subfield>
    <subfield code="l">0</subfield>
    <subfield code="o">KUN 636.4 PZ7</subfield>
    <subfield code="p">2025-1069</subfield>
    <subfield code="r">2025-04-22 10:01:40</subfield>
    <subfield code="t">5</subfield>
    <subfield code="w">2025-04-22</subfield>
    <subfield code="y">KHB</subfield>
  </datafield>
  <datafield tag="952" ind1=" " ind2=" ">
    <subfield code="0">0</subfield>
    <subfield code="1">0</subfield>
    <subfield code="2">ddc</subfield>
    <subfield code="4">0</subfield>
    <subfield code="7">0</subfield>
    <subfield code="8">KH</subfield>
    <subfield code="a">001</subfield>
    <subfield code="b">001</subfield>
    <subfield code="c">TK Blue</subfield>
    <subfield code="d">2025-04-22</subfield>
    <subfield code="l">0</subfield>
    <subfield code="o">KUN 636.4 PZ7</subfield>
    <subfield code="p">FISTKKB082</subfield>
    <subfield code="r">2025-04-22 10:04:07</subfield>
    <subfield code="t">6</subfield>
    <subfield code="w">2025-04-22</subfield>
    <subfield code="y">KHB</subfield>
  </datafield>
  <datafield tag="952" ind1=" " ind2=" ">
    <subfield code="0">0</subfield>
    <subfield code="1">0</subfield>
    <subfield code="2">ddc</subfield>
    <subfield code="4">0</subfield>
    <subfield code="7">0</subfield>
    <subfield code="8">KH</subfield>
    <subfield code="a">001</subfield>
    <subfield code="b">001</subfield>
    <subfield code="c">TK Blue</subfield>
    <subfield code="d">2025-04-22</subfield>
    <subfield code="l">0</subfield>
    <subfield code="o">KUN 636.4 PZ7</subfield>
    <subfield code="p">FISTKG2A049</subfield>
    <subfield code="r">2025-04-22 10:05:28</subfield>
    <subfield code="t">7</subfield>
    <subfield code="w">2025-04-22</subfield>
    <subfield code="y">KHB</subfield>
  </datafield>
  <datafield tag="952" ind1=" " ind2=" ">
    <subfield code="0">0</subfield>
    <subfield code="1">0</subfield>
    <subfield code="2">ddc</subfield>
    <subfield code="4">0</subfield>
    <subfield code="7">0</subfield>
    <subfield code="8">KH</subfield>
    <subfield code="a">001</subfield>
    <subfield code="b">001</subfield>
    <subfield code="c">TK Blue</subfield>
    <subfield code="d">2025-04-22</subfield>
    <subfield code="l">0</subfield>
    <subfield code="o">KUN 636.4 PZ7</subfield>
    <subfield code="p">FISBK04143</subfield>
    <subfield code="r">2025-04-22 16:22:38</subfield>
    <subfield code="t">8</subfield>
    <subfield code="w">2025-04-22</subfield>
    <subfield code="y">KHB</subfield>
  </datafield>
  <datafield tag="952" ind1=" " ind2=" ">
    <subfield code="0">0</subfield>
    <subfield code="1">0</subfield>
    <subfield code="2">ddc</subfield>
    <subfield code="4">0</subfield>
    <subfield code="7">0</subfield>
    <subfield code="8">KH</subfield>
    <subfield code="a">001</subfield>
    <subfield code="b">001</subfield>
    <subfield code="c">OKHR</subfield>
    <subfield code="d">2025-04-22</subfield>
    <subfield code="l">0</subfield>
    <subfield code="o">KUN 636.4 PZ7</subfield>
    <subfield code="p">FISTKKA102</subfield>
    <subfield code="r">2025-08-26 15:53:02</subfield>
    <subfield code="t">9</subfield>
    <subfield code="w">2025-04-22</subfield>
    <subfield code="y">KHB</subfield>
  </datafield>
  <datafield tag="952" ind1=" " ind2=" ">
    <subfield code="0">0</subfield>
    <subfield code="1">0</subfield>
    <subfield code="2">ddc</subfield>
    <subfield code="4">0</subfield>
    <subfield code="7">0</subfield>
    <subfield code="8">KH</subfield>
    <subfield code="a">001</subfield>
    <subfield code="b">001</subfield>
    <subfield code="c">OKHR</subfield>
    <subfield code="d">2025-04-22</subfield>
    <subfield code="l">0</subfield>
    <subfield code="o">KUN 636.4 PZ7</subfield>
    <subfield code="p">FISTKKA101</subfield>
    <subfield code="r">2025-08-26 15:53:29</subfield>
    <subfield code="t">10</subfield>
    <subfield code="w">2025-08-26</subfield>
    <subfield code="y">KHB</subfield>
  </datafield>
  <datafield tag="952" ind1=" " ind2=" ">
    <subfield code="0">0</subfield>
    <subfield code="1">0</subfield>
    <subfield code="2">ddc</subfield>
    <subfield code="4">0</subfield>
    <subfield code="7">0</subfield>
    <subfield code="8">KH</subfield>
    <subfield code="a">001</subfield>
    <subfield code="b">001</subfield>
    <subfield code="c">OKHR</subfield>
    <subfield code="d">2025-04-22</subfield>
    <subfield code="l">0</subfield>
    <subfield code="o">KUN 636.4 PZ7</subfield>
    <subfield code="p">FISTKKB080</subfield>
    <subfield code="r">2025-08-26 15:54:53</subfield>
    <subfield code="t">11</subfield>
    <subfield code="w">2025-08-26</subfield>
    <subfield code="y">KHB</subfield>
  </datafield>
  <datafield tag="952" ind1=" " ind2=" ">
    <subfield code="0">0</subfield>
    <subfield code="1">0</subfield>
    <subfield code="2">ddc</subfield>
    <subfield code="4">0</subfield>
    <subfield code="7">0</subfield>
    <subfield code="8">KH</subfield>
    <subfield code="a">001</subfield>
    <subfield code="b">001</subfield>
    <subfield code="c">OKHR</subfield>
    <subfield code="d">2025-04-22</subfield>
    <subfield code="l">0</subfield>
    <subfield code="o">KUN 636.4 PZ7</subfield>
    <subfield code="p">FISTKKA103</subfield>
    <subfield code="r">2025-08-26 15:56:13</subfield>
    <subfield code="t">12</subfield>
    <subfield code="w">2025-08-26</subfield>
    <subfield code="y">KHB</subfield>
  </datafield>
  <datafield tag="952" ind1=" " ind2=" ">
    <subfield code="0">0</subfield>
    <subfield code="1">0</subfield>
    <subfield code="2">ddc</subfield>
    <subfield code="4">0</subfield>
    <subfield code="7">0</subfield>
    <subfield code="8">KH</subfield>
    <subfield code="a">002</subfield>
    <subfield code="b">002</subfield>
    <subfield code="c">TTP Khmer</subfield>
    <subfield code="d">2025-10-03</subfield>
    <subfield code="l">0</subfield>
    <subfield code="o">KUN 636.4 PZ7</subfield>
    <subfield code="p">FISTKKA099</subfield>
    <subfield code="r">2025-10-03 12:31:00</subfield>
    <subfield code="t">13</subfield>
    <subfield code="w">2025-10-03</subfield>
    <subfield code="y">KHB</subfield>
  </datafield>
  <datafield tag="952" ind1=" " ind2=" ">
    <subfield code="0">0</subfield>
    <subfield code="1">0</subfield>
    <subfield code="2">ddc</subfield>
    <subfield code="4">0</subfield>
    <subfield code="7">0</subfield>
    <subfield code="8">KH</subfield>
    <subfield code="a">002</subfield>
    <subfield code="b">002</subfield>
    <subfield code="c">TTP Khmer</subfield>
    <subfield code="d">2025-10-24</subfield>
    <subfield code="l">0</subfield>
    <subfield code="o">KUN 636.4 PZ7</subfield>
    <subfield code="p">FISBK04207</subfield>
    <subfield code="r">2025-10-24 14:27:37</subfield>
    <subfield code="t">14</subfield>
    <subfield code="w">2025-10-24</subfield>
    <subfield code="y">KHB</subfield>
  </datafield>
  <datafield tag="952" ind1=" " ind2=" ">
    <subfield code="0">0</subfield>
    <subfield code="1">0</subfield>
    <subfield code="2">ddc</subfield>
    <subfield code="4">0</subfield>
    <subfield code="7">0</subfield>
    <subfield code="8">KH</subfield>
    <subfield code="a">002</subfield>
    <subfield code="b">002</subfield>
    <subfield code="c">TTP Khmer</subfield>
    <subfield code="d">2025-11-11</subfield>
    <subfield code="l">0</subfield>
    <subfield code="o">KUN 636.4 PZ7</subfield>
    <subfield code="p">FISBK04131</subfield>
    <subfield code="r">2025-11-11 13:51:56</subfield>
    <subfield code="t">15</subfield>
    <subfield code="w">2025-11-11</subfield>
    <subfield code="y">KHB</subfield>
  </datafield>
</record>
